Konzervativní revoluce saúdského krále Abdulláha
Teroristické útoky spáchané 12. mája 2003 a boj proti terorizmu v Saudskej Arábii. Začiatok národného dialógu a prvé demokratické voľby v saudskej histórii. Aktivita kráľa Abdulláha a jeho medzinárodné mierové iniciatívy. Reforma súdneho systému. Úsile o nadviazanie medzináboženského dialógu. Zmeny...
Gespeichert in:
| 1. Verfasser: | |
|---|---|
| Format: | Buchkapitel |
| Sprache: | Tschechisch |
| Schlagworte: | |
| Tags: |
Keine Tags, Fügen Sie das erste Tag hinzu!
|
MARC
| LEADER | 00000naa a2200000 4500 | ||
|---|---|---|---|
| 001 | 0117926 | ||
| 005 | 20231016094153.6 | ||
| 041 | 0 | |a cze | |
| 044 | |a CZ | ||
| 245 | 1 | 0 | |a Konzervativní revoluce saúdského krále Abdulláha |c Oldřich Vondruška |
| 520 | |a Teroristické útoky spáchané 12. mája 2003 a boj proti terorizmu v Saudskej Arábii. Začiatok národného dialógu a prvé demokratické voľby v saudskej histórii. Aktivita kráľa Abdulláha a jeho medzinárodné mierové iniciatívy. Reforma súdneho systému. Úsile o nadviazanie medzináboženského dialógu. Zmeny vo vláde. Saudská Arábia ako nová Mekka vzdelanosti. | ||
| 610 | 2 | 0 | |a politika vnútorná |
| 610 | 2 | 0 | |a vláda |
| 610 | 2 | 0 | |a demokracia |
| 610 | 2 | 0 | |a náboženstvo |
| 610 | 2 | 0 | |a islam |
| 610 | 2 | 0 | |a kresťanstvo |
| 610 | 2 | 0 | |a voľby |
| 610 | 2 | 0 | |a terorizmus |
| 610 | 2 | 0 | |a reformy |
| 610 | 2 | 0 | |a vzdelávanie vysokoškolské |
| 610 | 2 | 0 | |a Saudská Arábia |
| 100 | 1 | |a Vondruška, Oldřich | |